| Tag |
First Indicator |
Second Indicator |
Subfields |
| LEADER |
00000cgm a2200000Ma 4500 |
| 001 |
in00005536282 |
| 006 |
m o c |
| 007 |
vz |za|z| |
| 007 |
cr |n||||||||a |
| 008 |
140109s2010 enk002 g o vueng d |
| 005 |
20241201225517.2 |
| 035 |
|
|
|a (OCoLC)ocn874056156
|
| 040 |
|
|
|a ALSTP
|b eng
|e pn
|c ALSTP
|d OCLCF
|d OCLCQ
|d OCLCO
|d OCLCA
|d OCLCQ
|d INT
|d OCLCQ
|d WYU
|d OCLCO
|d OCL
|d OCLCO
|
| 020 |
|
|
|a 9781503410589
|
| 020 |
|
|
|a 1503410587
|
| 035 |
|
|
|a (OCoLC)874056156
|
| 049 |
|
|
|a TXAM
|
| 245 |
0 |
0 |
|a Behaviour challenge.
|n Scene 2,
|p CUs -- focus on Latesha :
|b no audio.
|
| 246 |
3 |
|
|a Behaviour challenge.
|p CUs :
|b focus on Latesha : no audio
|
| 246 |
3 |
|
|a CUs :
|b focus on Latesha : no audio
|
| 260 |
|
|
|a [England] :
|b Teachers TV/UK Department of Education,
|c 2010.
|
| 300 |
|
|
|a 1 online resource (2 min.).
|
| 306 |
|
|
|a 000153
|
| 336 |
|
|
|a two-dimensional moving image
|b tdi
|2 rdacontent
|
| 337 |
|
|
|a computer
|b c
|2 rdamedia
|
| 338 |
|
|
|a online resource
|b cr
|2 rdacarrier
|
| 490 |
0 |
|
|a Teachers TV
|
| 500 |
|
|
|a Title from resource description page (viewed Jan. 9, 2014).
|
| 520 |
|
|
|a A year 6 maths investigation class is being disrupted by three troublesome pupils. Everyone is settling down after morning break but a playground incident has run over into learning time; Dylan has knocked one of his classmates during a game of football; now he's winding up the boys on his table and threatening to smash their work. Latesha is good at making it look like she's working hard, but she and her friends are writing notes and picking on Josie. Charlie is the class wanderer, he can't stop fidgeting and today he's sneaked in a PSP; he'll find any excuse not to work. This interactive SIM lets you try out three different strategies to tackle each of their disruptive behaviours. There are lessons to be learnt from both the two successful options and the one that doesn't work. Behaviour management expert Paul Dix returns to the BEHAVIOUR CHALLENGE to analyse your response, giving advice and encouragement along the way.
|
| 521 |
|
|
|a For Middle School audiences.
|
| 546 |
|
|
|a In English.
|
| 650 |
|
0 |
|a Students
|x Conduct of life.
|
| 650 |
|
0 |
|a Behavior disorders in children.
|
| 650 |
|
0 |
|a Behavior modification.
|
| 650 |
|
0 |
|a Classroom management.
|
| 650 |
|
0 |
|a Conduct disorders in children.
|
| 650 |
|
6 |
|a Troubles du comportement chez l'enfant.
|
| 650 |
|
6 |
|a Modification du comportement.
|
| 650 |
|
6 |
|a Classes (Éducation)
|x Conduite.
|
| 650 |
|
7 |
|a Conduct disorders in children
|2 fast
|
| 650 |
|
7 |
|a Behavior disorders in children
|2 fast
|
| 650 |
|
7 |
|a Behavior modification
|2 fast
|
| 650 |
|
7 |
|a Classroom management
|2 fast
|
| 650 |
|
7 |
|a Students
|x Conduct of life
|2 fast
|
| 655 |
|
4 |
|a Online media.
|
| 655 |
|
7 |
|a Instructional television programs
|2 fast
|
| 655 |
|
7 |
|a Instructional television programs.
|2 lcgft
|
| 655 |
|
7 |
|a Émissions pédagogiques télévisées.
|2 rvmgf
|
| 710 |
2 |
|
|a Lambent Productions.
|4 pro
|
| 776 |
0 |
8 |
|i Original version:
|o W/4567/002
|
| 856 |
4 |
0 |
|u http://proxy.library.tamu.edu/login?url=https://www.aspresolver.com/aspresolver.asp?AVN2;1783085
|z Connect to this streaming video (Alexander Street Press)
|t 0
|
| 955 |
|
|
|a Alexander Street Press subscription streaming video
|
| 994 |
|
|
|a 92
|b TXA
|
| 999 |
f |
f |
|s d20f6901-ee7d-41ef-b79f-ab9de363b9cb
|i d7e78cde-5feb-4cf6-a3f4-a3363edf96c1
|t 0
|
| 952 |
f |
f |
|a Texas A&M University
|b College Station
|c Electronic Resources
|d Available Online
|t 0
|h Library of Congress classification
|
| 998 |
f |
f |
|t 0
|l Available Online
|